[Event "Deutsche Ländermeisterschaft 2022"]
[Site "Wiesbaden GER"]
[Date "2022.10.01"]
[Round "1"]
[White "Bock, Marlon"]
[Black "von Mettenheim, Johannes"]
[Result "1-0"]
[Termination "normal"]
[Board "5.3"]
[WhiteElo "1866"]
[BlackElo "2231"]
[WhiteClock "00:05:45"]
[BlackClock "00:02:18"]
[WhiteTeam "Thüringen"]
[BlackTeam "Niedersachsen"]
[PlyCount "99"]
[WhiteFideId "16244931"]
[BlackFideId "16244818"]
[EventCountry "GER"]
[EventRounds "7"]
[EventType "team-swiss"]
[EventDate "2022.09.30"]

1. d4 {[%clk 01:30:56]} {[%emt 00:00:03]} Nf6 {[%clk 01:30:43]} {[%emt
00:00:18]} 2. Nf3 {[%clk 01:31:21]} {[%emt 00:00:05]} e6 {[%clk 01:31:03]}
{[%emt 00:00:09]} 3. e3 {[%clk 01:31:32]} {[%emt 00:00:20]} b6 {[%clk
01:30:37]} {[%emt 00:00:57]} 4. Bd3 {[%clk 01:31:25]} {[%emt 00:00:36]} Bb7
{[%clk 01:30:58]} {[%emt 00:00:08]} 5. Nbd2 {[%clk 01:31:07]} {[%emt 00:00:49]}
c5 {[%clk 01:30:37]} {[%emt 00:00:51]} 6. O-O {[%clk 01:30:07]} {[%emt
00:01:30]} Be7 {[%clk 01:28:36]} {[%emt 00:02:31]} 7. c3 {[%clk 01:27:01]}
{[%emt 00:03:35]} cxd4 {[%clk 01:28:49]} {[%emt 00:00:17]} 8. cxd4 {[%clk
01:24:33]} {[%emt 00:02:58]} d5 {[%clk 01:22:22]} {[%emt 00:06:58]} 9. b3
{[%clk 01:21:50]} {[%emt 00:03:13]} O-O {[%clk 01:21:49]} {[%emt 00:01:03]} 10.
Bb2 {[%clk 01:20:51]} {[%emt 00:01:29]} Ba6 {[%clk 01:19:31]} {[%emt 00:02:48]}
11. Qe2 {[%clk 01:14:36]} {[%emt 00:06:45]} Bxd3 {[%clk 01:18:40]} {[%emt
00:01:21]} 12. Qxd3 {[%clk 01:14:59]} {[%emt 00:00:08]} Nc6 {[%clk 01:12:37]}
{[%emt 00:06:33]} 13. Rac1 {[%clk 01:08:30]} {[%emt 00:06:58]} Rc8 {[%clk
01:04:03]} {[%emt 00:09:04]} 14. a3 {[%clk 00:59:03]} {[%emt 00:09:58]} Nd7
{[%clk 00:58:21]} {[%emt 00:06:12]} 15. Rc2 {[%clk 00:52:53]} {[%emt 00:06:40]}
Qc7 {[%clk 00:50:56]} {[%emt 00:07:55]} 16. Rfc1 {[%clk 00:46:42]} {[%emt
00:06:42]} Qb7 {[%clk 00:51:03]} {[%emt 00:00:23]} 17. Ne5 {[%clk 00:36:25]}
{[%emt 00:10:47]} Ncb8 {[%clk 00:47:27]} {[%emt 00:04:06]} 18. f4 {[%clk
00:32:15]} {[%emt 00:04:40]} Bd6 {[%clk 00:26:48]} {[%emt 00:21:09]} 19. Rc3
{[%clk 00:24:07]} {[%emt 00:08:38]} Nf6 {[%clk 00:18:54]} {[%emt 00:08:24]} 20.
Qc2 {[%clk 00:21:00]} {[%emt 00:03:37]} Rcd8 {[%clk 00:19:05]} {[%emt
00:00:19]} 21. b4 {[%clk 00:17:10]} {[%emt 00:04:20]} Qa6 {[%clk 00:18:23]}
{[%emt 00:01:12]} 22. Qd3 {[%clk 00:14:44]} {[%emt 00:02:56]} b5 {[%clk
00:15:31]} {[%emt 00:03:22]} 23. Qc2 {[%clk 00:13:07]} {[%emt 00:02:07]} Nfd7
{[%clk 00:11:15]} {[%emt 00:04:46]} 24. Nb3 {[%clk 00:10:41]} {[%emt 00:02:57]}
Nb6 {[%clk 00:10:27]} {[%emt 00:01:18]} 25. Nc5 {[%clk 00:08:51]} {[%emt
00:02:20]} Bxc5 {[%clk 00:10:49]} {[%emt 00:00:08]} 26. dxc5 {[%clk 00:08:08]}
{[%emt 00:01:13]} Nc4 {[%clk 00:10:23]} {[%emt 00:00:56]} 27. Rd3 {[%clk
00:07:26]} {[%emt 00:01:13]} Nc6 {[%clk 00:07:34]} {[%emt 00:03:19]} 28. Nxc4
{[%clk 00:07:14]} {[%emt 00:00:42]} dxc4 {[%clk 00:07:36]} {[%emt 00:00:28]}
29. Rd6 {[%clk 00:05:57]} {[%emt 00:01:46]} Rxd6 {[%clk 00:06:38]} {[%emt
00:01:28]} 30. cxd6 {[%clk 00:06:24]} {[%emt 00:00:04]} Qb6 {[%clk 00:06:17]}
{[%emt 00:00:51]} 31. Qd2 {[%clk 00:05:24]} {[%emt 00:01:30]} Rd8 {[%clk
00:05:03]} {[%emt 00:01:44]} 32. Rd1 {[%clk 00:04:58]} {[%emt 00:00:56]} Rd7
{[%clk 00:04:10]} {[%emt 00:01:22]} 33. Kh1 {[%clk 00:03:38]} {[%emt 00:01:50]}
f5 {[%clk 00:01:02]} {[%emt 00:03:38]} 34. h3 {[%clk 00:02:07]} {[%emt
00:02:01]} Nd8 {[%clk 00:01:16]} {[%emt 00:00:16]} 35. Be5 {[%clk 00:01:08]}
{[%emt 00:01:29]} Qb7 {[%clk 00:01:11]} {[%emt 00:00:34]} 36. Qd4 {[%clk
00:00:54]} {[%emt 00:00:45]} Qa6 {[%clk 00:01:09]} {[%emt 00:00:33]} 37. Qc5
{[%clk 00:00:44]} {[%emt 00:00:39]} Kf7 {[%clk 00:01:25]} {[%emt 00:00:13]} 38.
Bb2 {[%clk 00:00:53]} {[%emt 00:00:21]} Qa4 {[%clk 00:00:45]} {[%emt 00:01:10]}
39. Rd2 {[%clk 00:00:53]} {[%emt 00:00:30]} Ke8 {[%clk 00:00:58]} {[%emt
00:00:17]} 40. g4 {[%clk 00:00:42]} {[%emt 00:00:41]} fxg4 {[%clk 00:01:00]}
{[%emt 00:00:27]} 41. Qh5+ {[%clk 00:26:50]} {[%emt 00:04:22]} Nf7 {[%clk
00:26:28]} {[%emt 00:05:02]} 42. Qxg4 {[%clk 00:20:46]} {[%emt 00:06:35]} Qa6
{[%clk 00:22:52]} {[%emt 00:04:06]} 43. Qxe6+ {[%clk 00:19:29]} {[%emt
00:01:47]} Kd8 {[%clk 00:23:15]} {[%emt 00:00:07]} 44. Bxg7 {[%clk 00:15:05]}
{[%emt 00:04:54]} Kc8 {[%clk 00:03:38]} {[%emt 00:20:07]} 45. Be5 {[%clk
00:08:53]} {[%emt 00:06:42]} Qxa3 {[%clk 00:02:32]} {[%emt 00:01:36]} 46. Qd5
{[%clk 00:08:59]} {[%emt 00:00:24]} Kb8 {[%clk 00:01:51]} {[%emt 00:01:12]} 47.
Qxb5+ {[%clk 00:08:17]} {[%emt 00:01:12]} Ka8 {[%clk 00:02:15]} {[%emt
00:00:05]} 48. Qxc4 {[%emt 00:01:56]} Kb7 {[%clk 00:01:56]} {[%emt 00:00:46]}
49. Rc2 {[%clk 00:05:38]} {[%emt 00:01:45]} Qa4 {[%clk 00:02:18]} {[%emt
00:00:08]} 50. Qc8+ {[%clk 00:05:45]} {[%emt 00:00:23]} 1-0

[Event "Deutsche Ländermeisterschaft 2022"]
[Site "Wiesbaden GER"]
[Date "2022.10.01"]
[Round "1"]
[White "Boder, Jan"]
[Black "Jeschke, Jan"]
[Result "1/2-1/2"]
[Termination "normal"]
[Board "6.1"]
[WhiteTitle "FM"]
[WhiteElo "2341"]
[BlackElo "2146"]
[WhiteClock "00:08:48"]
[BlackClock "00:00:33"]
[WhiteTeam "Rheinland-Pfalz"]
[BlackTeam "Saarland"]
[PlyCount "138"]
[WhiteFideId "16243226"]
[BlackFideId "16225430"]
[EventCountry "GER"]
[EventRounds "7"]
[EventType "team-swiss"]
[EventDate "2022.09.30"]

1. Nf3 {[%clk 01:30:53]} {[%emt 00:00:06]} Nf6 {[%clk 01:30:30]} {[%emt
00:00:31]} 2. c4 {[%clk 01:31:12]} {[%emt 00:00:11]} g6 {[%clk 01:30:24]}
{[%emt 00:00:36]} 3. Nc3 {[%clk 01:31:30]} {[%emt 00:00:12]} Bg7 {[%clk
01:30:38]} {[%emt 00:00:17]} 4. e4 {[%clk 01:31:51]} {[%emt 00:00:09]} d6
{[%clk 01:30:50]} {[%emt 00:00:17]} 5. d4 {[%clk 01:32:14]} {[%emt 00:00:08]}
O-O {[%clk 01:30:46]} {[%emt 00:00:34]} 6. Be2 {[%clk 01:32:22]} {[%emt
00:00:21]} e5 {[%clk 01:29:58]} {[%emt 00:01:19]} 7. O-O {[%clk 01:32:00]}
{[%emt 00:00:53]} Nc6 {[%clk 01:27:59]} {[%emt 00:02:28]} 8. d5 {[%clk
01:32:09]} {[%emt 00:00:21]} Ne7 {[%clk 01:28:22]} {[%emt 00:00:07]} 9. b4
{[%clk 01:32:15]} {[%emt 00:00:24]} a5 {[%clk 01:23:45]} {[%emt 00:05:08]} 10.
Ba3 {[%clk 01:32:26]} {[%emt 00:00:18]} axb4 {[%clk 01:23:14]} {[%emt
00:01:01]} 11. Bxb4 {[%clk 01:32:48]} {[%emt 00:00:09]} b6 {[%clk 01:19:47]}
{[%emt 00:03:57]} 12. a4 {[%clk 01:32:51]} {[%emt 00:00:26]} Ne8 {[%clk
01:18:30]} {[%emt 00:01:47]} 13. a5 {[%clk 01:29:42]} {[%emt 00:03:39]} c5
{[%clk 01:18:14]} {[%emt 00:00:46]} 14. dxc6 {[%clk 01:23:20]} {[%emt
00:06:52]} Nxc6 {[%clk 01:18:34]} {[%emt 00:00:10]} 15. Qd5 {[%clk 01:04:41]}
{[%emt 00:19:09]} Bb7 {[%clk 01:18:55]} {[%emt 00:00:08]} 16. Qb5 {[%clk
00:58:14]} {[%emt 00:06:57]} bxa5 {[%clk 00:59:36]} {[%emt 00:19:49]} 17. Qxb7
{[%clk 00:35:06]} {[%emt 00:23:39]} Nxb4 {[%clk 00:59:39]} {[%emt 00:00:27]}
18. Rfd1 {[%clk 00:31:38]} {[%emt 00:03:57]} Rb8 {[%clk 00:48:17]} {[%emt
00:11:51]} 19. Qa7 {[%clk 00:31:54]} {[%emt 00:00:14]} Nc6 {[%clk 00:47:58]}
{[%emt 00:00:49]} 20. Qe3 {[%clk 00:31:34]} {[%emt 00:00:51]} Nd4 {[%clk
00:47:51]} {[%emt 00:00:37]} 21. Rab1 {[%clk 00:30:00]} {[%emt 00:02:04]} Nc7
{[%clk 00:47:08]} {[%emt 00:01:13]} 22. Nb5 {[%clk 00:28:52]} {[%emt 00:01:38]}
Nce6 {[%clk 00:31:01]} {[%emt 00:16:36]} 23. Nfxd4 {[%clk 00:25:35]} {[%emt
00:03:47]} exd4 {[%clk 00:18:30]} {[%emt 00:13:02]} 24. Qd2 {[%clk 00:23:10]}
{[%emt 00:02:54]} h5 {[%clk 00:11:03]} {[%emt 00:07:57]} 25. Rf1 {[%clk
00:19:41]} {[%emt 00:03:59]} a4 {[%clk 00:05:45]} {[%emt 00:05:48]} 26. f4
{[%clk 00:19:02]} {[%emt 00:01:09]} Nc5 {[%clk 00:05:55]} {[%emt 00:00:20]} 27.
Bd3 {[%clk 00:17:54]} {[%emt 00:01:38]} Ra8 {[%clk 00:04:16]} {[%emt 00:02:10]}
28. Qc2 {[%clk 00:14:50]} {[%emt 00:03:34]} Re8 {[%clk 00:01:45]} {[%emt
00:03:01]} 29. Ra1 {[%clk 00:12:16]} {[%emt 00:03:05]} h4 {[%clk 00:01:43]}
{[%emt 00:00:32]} 30. Ra3 {[%clk 00:12:34]} {[%emt 00:00:12]} Qb6 {[%clk
00:01:04]} {[%emt 00:01:09]} 31. f5 {[%clk 00:11:50]} {[%emt 00:01:14]} Be5
{[%clk 00:00:39]} {[%emt 00:00:55]} 32. Qd2 {[%clk 00:08:20]} {[%emt 00:04:00]}
Kg7 {[%clk 00:00:40]} {[%emt 00:00:29]} 33. Qg5 {[%clk 00:08:10]} {[%emt
00:00:40]} Bf6 {[%clk 00:00:35]} {[%emt 00:00:35]} 34. Qf4 {[%clk 00:08:37]}
{[%emt 00:00:03]} g5 {[%clk 00:00:37]} {[%emt 00:00:28]} 35. Qxd6 {[%clk
00:07:31]} {[%emt 00:01:36]} Qxd6 {[%clk 00:00:50]} {[%emt 00:00:17]} 36. Nxd6
{[%clk 00:07:59]} {[%emt 00:00:02]} Reb8 {[%clk 00:00:41]} {[%emt 00:00:38]}
37. Nb5 {[%clk 00:07:02]} {[%emt 00:01:28]} Rc8 {[%clk 00:01:03]} {[%emt
00:00:08]} 38. Bc2 {[%clk 00:05:59]} {[%emt 00:01:34]} Be5 {[%clk 00:00:37]}
{[%emt 00:00:55]} 39. Rd1 {[%clk 00:05:11]} {[%emt 00:01:18]} Rd8 {[%clk
00:00:56]} {[%emt 00:00:11]} 40. Kf2 {[%clk 00:03:05]} {[%emt 00:02:36]} d3
{[%clk 00:00:41]} {[%emt 00:00:45]} 41. Bb1 {[%clk 00:00:50]} {[%emt 00:02:45]}
Bb2 {[%clk 00:13:38]} {[%emt 00:17:33]} 42. Ra2 {[%clk 00:30:45]} {[%emt
00:00:34]} a3 {[%clk 00:13:57]} {[%emt 00:00:12]} 43. Ke3 {[%clk 00:30:03]}
{[%emt 00:01:12]} Rd7 {[%clk 00:13:04]} {[%emt 00:01:23]} 44. g3 {[%clk
00:25:17]} {[%emt 00:05:17]} Re8 {[%clk 00:06:04]} {[%emt 00:07:29]} 45. gxh4
{[%clk 00:18:32]} {[%emt 00:07:17]} Rxe4+ {[%clk 00:05:20]} {[%emt 00:01:13]}
46. Kf3 {[%clk 00:18:54]} {[%emt 00:00:08]} Rxh4 {[%clk 00:03:35]} {[%emt
00:02:14]} 47. Nxa3 {[%clk 00:18:23]} {[%emt 00:01:01]} Rxh2 {[%clk 00:02:04]}
{[%emt 00:02:02]} 48. Nb5 {[%clk 00:17:47]} {[%emt 00:01:05]} Kf6 {[%clk
00:01:07]} {[%emt 00:01:27]} 49. Nc3 {[%clk 00:15:11]} {[%emt 00:03:06]} Kxf5
{[%clk 00:01:09]} {[%emt 00:00:28]} 50. Kg3 {[%clk 00:15:37]} {[%emt 00:00:04]}
Rc2 {[%clk 00:00:38]} {[%emt 00:01:01]} 51. Bxc2 {[%clk 00:15:28]} {[%emt
00:00:39]} dxc2 {[%clk 00:01:06]} {[%emt 00:00:02]} 52. Rf1+ {[%clk 00:15:48]}
{[%emt 00:00:10]} Kg6 {[%clk 00:01:27]} {[%emt 00:00:08]} 53. Rxb2 {[%clk
00:15:30]} {[%emt 00:00:48]} Rd3+ {[%clk 00:01:48]} {[%emt 00:00:08]} 54. Kh2
{[%clk 00:14:40]} {[%emt 00:01:21]} Rxc3 {[%clk 00:00:55]} {[%emt 00:01:23]}
55. Rc1 {[%clk 00:15:02]} {[%emt 00:00:07]} Rxc4 {[%clk 00:01:11]} {[%emt
00:00:14]} 56. Rbxc2 {[%clk 00:15:21]} {[%emt 00:00:11]} Rh4+ {[%clk 00:01:09]}
{[%emt 00:00:31]} 57. Kg3 {[%clk 00:14:19]} {[%emt 00:01:33]} Ne4+ {[%clk
00:01:15]} {[%emt 00:00:24]} 58. Kg2 {[%clk 00:14:45]} {[%emt 00:00:04]} f5
{[%clk 00:00:36]} {[%emt 00:01:09]} 59. Rc6+ {[%clk 00:14:53]} {[%emt
00:00:21]} Kh5 {[%clk 00:00:40]} {[%emt 00:00:27]} 60. R1c4 {[%clk 00:11:59]}
{[%emt 00:03:23]} Kg4 {[%clk 00:00:44]} {[%emt 00:00:26]} 61. Ra6 {[%clk
00:10:58]} {[%emt 00:01:31]} Rh3 {[%clk 00:00:38]} {[%emt 00:00:37]} 62. Raa4
{[%clk 00:10:41]} {[%emt 00:00:46]} Re3 {[%clk 00:00:55]} {[%emt 00:00:13]} 63.
Rcb4 {[%clk 00:09:50]} {[%emt 00:01:21]} Kf4 {[%clk 00:01:16]} {[%emt
00:00:10]} 64. Rb2 {[%clk 00:09:55]} {[%emt 00:00:24]} Rg3+ {[%clk 00:00:38]}
{[%emt 00:01:08]} 65. Kh2 {[%clk 00:10:19]} {[%emt 00:00:06]} Rf3 {[%clk
00:00:39]} {[%emt 00:00:29]} 66. Kg2 {[%clk 00:08:06]} {[%emt 00:02:43]} Kg4
{[%clk 00:00:33]} {[%emt 00:00:36]} 67. Re2 {[%clk 00:08:21]} {[%emt 00:00:16]}
Rf4 {[%clk 00:00:37]} {[%emt 00:00:26]} 68. Re3 {[%clk 00:08:22]} {[%emt
00:00:28]} Rf2+ {[%clk 00:00:34]} {[%emt 00:00:33]} 69. Kg1 {[%clk 00:08:48]}
{[%emt 00:00:05]} Rf4 {[%clk 00:00:33]} {[%emt 00:00:30]} 1/2-1/2

[Event "Deutsche Ländermeisterschaft 2022"]
[Site "Wiesbaden GER"]
[Date "2022.10.01"]
[Round "1"]
[White "Chassard, Cedric"]
[Black "Musiolik, David"]
[Result "0-1"]
[Termination "normal"]
[Board "6.2"]
[WhiteElo "2042"]
[BlackElo "2252"]
[WhiteClock "00:26:30"]
[BlackClock "00:41:21"]
[WhiteTeam "Saarland"]
[BlackTeam "Rheinland-Pfalz"]
[PlyCount "84"]
[WhiteFideId "16243536"]
[BlackFideId "12972355"]
[EventCountry "GER"]
[EventRounds "7"]
[EventType "team-swiss"]
[EventDate "2022.09.30"]

1. e4 {[%clk 01:30:57]} {[%emt 00:00:01]} c6 {[%clk 01:30:46]} {[%emt
00:00:15]} 2. d4 {[%clk 01:31:21]} {[%emt 00:00:07]} d5 {[%clk 01:31:06]}
{[%emt 00:00:10]} 3. e5 {[%clk 01:31:48]} {[%emt 00:00:02]} Bf5 {[%clk
01:31:17]} {[%emt 00:00:19]} 4. Nf3 {[%clk 01:32:12]} {[%emt 00:00:06]} e6
{[%clk 01:31:21]} {[%emt 00:00:26]} 5. Be2 {[%clk 01:32:40]} {[%emt 00:00:02]}
Ne7 {[%clk 01:31:36]} {[%emt 00:00:16]} 6. O-O {[%clk 01:32:38]} {[%emt
00:00:30]} Bg6 {[%clk 01:31:50]} {[%emt 00:00:17]} 7. Nbd2 {[%clk 01:23:42]}
{[%emt 00:09:27]} Nf5 {[%clk 01:32:04]} {[%emt 00:00:16]} 8. Nb3 {[%clk
01:23:49]} {[%emt 00:00:23]} Nd7 {[%clk 01:31:38]} {[%emt 00:00:56]} 9. a4
{[%clk 01:20:45]} {[%emt 00:03:34]} Be7 {[%clk 01:24:06]} {[%emt 00:08:02]} 10.
g4 {[%clk 01:10:04]} {[%emt 00:11:10]} Nh4 {[%clk 01:15:11]} {[%emt 00:09:24]}
11. Nxh4 {[%clk 01:09:40]} {[%emt 00:00:55]} Bxh4 {[%clk 01:15:35]} {[%emt
00:00:06]} 12. f4 {[%clk 01:08:49]} {[%emt 00:01:21]} f5 {[%clk 01:13:05]}
{[%emt 00:03:00]} 13. g5 {[%clk 00:51:08]} {[%emt 00:18:12]} h6 {[%clk
01:12:16]} {[%emt 00:01:18]} 14. Bh5 {[%clk 00:49:52]} {[%emt 00:01:46]} Nf8
{[%clk 01:10:42]} {[%emt 00:02:05]} 15. Nc5 {[%clk 00:48:57]} {[%emt 00:01:25]}
Qe7 {[%clk 01:08:49]} {[%emt 00:02:23]} 16. Bxg6+ {[%clk 00:41:29]} {[%emt
00:07:58]} Nxg6 {[%clk 01:09:16]} {[%emt 00:00:02]} 17. gxh6 {[%clk 00:41:03]}
{[%emt 00:00:56]} Rxh6 {[%clk 01:08:40]} {[%emt 00:01:06]} 18. a5 {[%clk
00:40:50]} {[%emt 00:00:44]} Kf7 {[%clk 01:05:46]} {[%emt 00:03:24]} 19. Ra3
{[%clk 00:39:18]} {[%emt 00:02:02]} Qc7 {[%clk 01:01:54]} {[%emt 00:04:22]} 20.
a6 {[%clk 00:28:13]} {[%emt 00:11:34]} b6 {[%clk 01:00:03]} {[%emt 00:02:21]}
21. Nb7 {[%clk 00:27:09]} {[%emt 00:01:34]} Rah8 {[%clk 00:52:42]} {[%emt
00:07:50]} 22. Qe2 {[%clk 00:23:16]} {[%emt 00:04:24]} Be7 {[%clk 00:51:22]}
{[%emt 00:01:49]} 23. Rg3 {[%clk 00:22:43]} {[%emt 00:01:03]} c5 {[%clk
00:45:30]} {[%emt 00:06:23]} 24. Rc3 {[%clk 00:17:14]} {[%emt 00:05:59]} c4
{[%clk 00:40:24]} {[%emt 00:05:35]} 25. Rf2 {[%clk 00:15:52]} {[%emt 00:01:51]}
b5 {[%clk 00:38:42]} {[%emt 00:02:13]} 26. b3 {[%clk 00:12:28]} {[%emt
00:03:55]} Qb6 {[%clk 00:35:37]} {[%emt 00:03:34]} 27. bxc4 {[%clk 00:11:25]}
{[%emt 00:01:33]} bxc4 {[%clk 00:30:17]} {[%emt 00:05:51]} 28. Nc5 {[%clk
00:08:53]} {[%emt 00:03:02]} Bxc5 {[%clk 00:26:52]} {[%emt 00:03:55]} 29. dxc5
{[%clk 00:09:22]} {[%emt 00:00:01]} Qxc5 {[%clk 00:26:27]} {[%emt 00:00:54]}
30. Be3 {[%clk 00:09:12]} {[%emt 00:00:39]} Qa5 {[%clk 00:25:58]} {[%emt
00:00:59]} 31. Qd2 {[%clk 00:05:34]} {[%emt 00:04:08]} Qxa6 {[%clk 00:20:52]}
{[%emt 00:05:37]} 32. Qc1 {[%clk 00:05:43]} {[%emt 00:00:20]} Qb5 {[%clk
00:16:39]} {[%emt 00:04:43]} 33. Ra3 {[%clk 00:04:33]} {[%emt 00:01:40]} a6
{[%clk 00:16:28]} {[%emt 00:00:41]} 34. c3 {[%clk 00:04:57]} {[%emt 00:00:06]}
Rb8 {[%clk 00:16:13]} {[%emt 00:00:46]} 35. Rfa2 {[%clk 00:03:21]} {[%emt
00:02:06]} Qb1 {[%clk 00:14:53]} {[%emt 00:01:49]} 36. Rxa6 {[%clk 00:03:06]}
{[%emt 00:00:45]} Qe4 {[%clk 00:14:27]} {[%emt 00:00:56]} 37. Ra7+ {[%clk
00:02:54]} {[%emt 00:00:42]} Kg8 {[%clk 00:10:36]} {[%emt 00:04:20]} 38. Ra8
{[%clk 00:03:06]} {[%emt 00:00:19]} Rxa8 {[%clk 00:11:00]} {[%emt 00:00:07]}
39. Rxa8+ {[%clk 00:03:34]} {[%emt 00:00:01]} Kh7 {[%clk 00:11:16]} {[%emt
00:00:13]} 40. Ra2 {[%clk 00:00:31]} {[%emt 00:03:31]} Nh4 {[%clk 00:11:28]}
{[%emt 00:00:21]} 41. Rf2 {[%clk 00:26:45]} {[%emt 00:04:16]} Nf3+ {[%clk
00:40:55]} {[%emt 00:01:02]} 42. Kf1 {[%clk 00:26:30]} {[%emt 00:00:46]} Nxh2+
{[%clk 00:41:21]} {[%emt 00:00:04]} 0-1